MDQL
is popping MORE tags! Check the
thread
!
Quizzes
Events
Quiz Creation
Community
Videos
Private Events
Remove Ads
Sign In
Join for FREE
Feedback
Dark Mode
Quiz Categories
Sports
Geography
Music
Movies
Television
Just For Fun
Miscellaneous
History
Literature
Language
Science
Gaming
Entertainment
Religion
Holiday
For Kids
Quiz Lab
Recent
Popular Today
Quiz Kudos Today
Editor Picks
Curator Picks
Quizzes by...
Day
Popularity
Type
Ratings
Length
Year
Community
Subscriptions
Recent Discussions
Orange Saloon
Badges
Playlists
Quests
Create
Leaderboards
Showdown
Live 5
Trivia Bingo
Activity
Puzzle Library
Sporcle Events
Private Events
Virtual Trivia
Globe League
Become a Host
Pub Owners
SporcleCon
Opinionation
Our Games
Videos
Blog
Mobile Apps
Partnerships
Remove Ads and Go Orange
Feedback
Sports
Athletes
MLB
NBA
NHL
NFL
Soccer
Sports Teams
WWE
NCAA
Football
Premier League
Basketball
Baseball
Hockey
Golf
Tennis
Cricket
Rugby
Auto Racing
Olympics
World Cup
Sports
Athletes
MLB
NBA
NHL
NFL
Soccer
Sports Teams
WWE
NCAA
Football
Premier League
Basketball
Baseball
Hockey
Golf
Tennis
Cricket
Rugby
Auto Racing
Olympics
World Cup
Random Quiz
Search Sporcle
×
Quiz Lab
Quiz Lab
Sports
NFL
Type in answers that appear in a list
Type in answers that appear in a list
Classic
Best Score? Go Orange.
NFL Coaches of the 2000s Stats
Can you name the NFL Head Coaches of the 2000s?
By
Wafez
15m
87 Questions
1,520 Plays
1,520 Plays
1,520 Plays
Comments
Comments
Give Quiz Kudos
Give Quiz Kudos
-
- Ratings
hide this ad
Replay
Link that replays current quiz
Next Quiz
Link to next quiz in quiz playlist
You Got
0%
They Got
Avg Score
56%
Avg Friend Score
Upgrade to see
Score Distribution
Jump to the score distribution portion of the page
Score
0/87
Timer
15:00
0
Plays Today
Teams Coached Since 2000
Head Coach
% Correct
Ne
Bill Belichick
90.8%
Tb/
Ind
Tony Dungy
89.2%
Chi
Lovie Smith
86%
Atl
Mike Smith
85.9%
Phi
Andy Reid
85.8%
Jac/
Nyg
Tom Coughlin
85.8%
Oak/
Tb
Jon Gruden
84.9%
Pit
Mike Tomlin
84%
Pit
Bill Cowher
83.7%
Bal
John Harbaugh
83.1%
Den
Mike Shanahan
81.8%
Cin
Marvin Lewis
81.6%
Bal
Brian Billick
81.4%
Sea
Mike Holmgren
79.8%
Dal
Bill Parcells
79.8%
Car
John Fox
79.5%
Buf/
Atl/
Dal
Wade Phillips
78.6%
Ten
Jeff Fisher
77%
Was/
Oak/
Sd
Norv Turner
76.5%
Min/
Arz
Dennis Green
76%
Gb
Mike McCarthy
75.1%
Nyj
Rex Ryan
74.7%
Was/
Sd
Marty Schottenheimer
74.1%
No
Sean Payton
73.7%
Jac
Jack Del Rio
73.7%
Nyj/
Cle
Eric Mangini
73.4%
Ind
Jim E. Mora
72.9%
Atl/
Sea
Jim L. Mora
72.9%
Nyj/
Kc
Herman Edwards
72%
Teams Coached Since 2000
Head Coach
% Correct
Hou
Gary Kubiak
71.2%
Stl
Mike Martz
69.8%
Sf
Mike Singletary
69.1%
Kc
Dick Vermeil
67.5%
Ind
Jim Caldwell
66.7%
Arz
Ken Whisenhunt
66.3%
Mia
Tony Sparano
64.3%
Den
Josh McDaniels
63.9%
Min
Brad Childress
63.3%
Cle
Romeo Crennel
63.2%
Oak
Tom Cable
62.5%
Chi/
Det/
Buf
Dick Jauron
62.4%
Was
Jim Zorn
61.4%
Sf/
Det
Steve Mariucci
61%
Was
Joe Gibbs
60.8%
Nyg
Jim Fassel
59.2%
Hou
Dom Capers
56.5%
Det
Jim Schwartz
55.7%
Gb
Mike Sherman
55.3%
Min
Mike Tice
55.2%
No/
Stl
Jim Haslett
53.5%
Tb
Raheem Morris
52.9%
Oak
Art Shell
52.9%
Oak
Lane Kiffin
52.4%
Sf
Mike Nolan
52.1%
Mia
Nick Saban
51.5%
Cle
Butch Davis
51.4%
Oak
Bill Callahan
49.8%
Stl
Steve Spagnuolo
49.5%
Teams Coached Since 2000
Head Coach
% Correct
Kc
Todd Haley
49.5%
Atl
Dan Reeves
48.2%
Mia
Cam Cameron
47.9%
Was
Steve Spurrier
47.4%
Atl
Bobby Petrino
46.7%
Mia
Dave Wannstedt
45.8%
Buf
Gregg Williams
45.3%
Det
Rod Marinelli
44.1%
Car
George Seifert
41.4%
Dal
Dave Campo
40.6%
Cin
Dick LeBeau
38.7%
Stl
Scott Linehan
34.7%
Buf
Mike Mularkey
32.9%
Nyj
Al Groh
29%
Sf
Dennis Erickson
27.8%
Det
Marty Mornhinweg
26.3%
Kc
Gunther Cunningham
26.1%
Det
Bobby Ross
24.6%
Cle
Chris Palmer
22.4%
Cin
Bruce Coslet
21.4%
Was/
Cle
Terry Robiskie
19.9%
Sd
Mike Riley
19.9%
Atl
Emmitt Thomas
18.9%
Buf
Perry Fewell
18.9%
Arz
Dave McGinnis
16.7%
Mia
Jim Bates
13.6%
Arz
Vince Tobin
13.6%
Stl
Joe Vitt
13.2%
Det
Gary Moeller
7.1%
Quiz Playlist
Details
Report
Send in Message
Add To Playlist
Classic:
Type in answers that appear in a list
Quiz Source
Last Updated: Mar 21, 2017
Quiz Scoreboard
CHALLENGE
Sign Up to Join the Scoreboard
Show All
Scores
Hide
Comments
May contain spoilers
Recently Published
Colored Red Africa Blitz
by spor1
Geography
30s
Find the 'City' Movie
by crazypaving
Movies
60s
5x2 Blitz: Bands
by SL_Kpop136
Music
30s
More to Explore
Quiz From the Vault
Featured Blog Post
14 Easter Pick-up Lines to Find Eggs With
hide this ad
You Might Also Like...
Tags
NFL Quiz
2000
coach
team
Today's Top Quizzes in Sports
Browse Sports
hide this ad
Today's Top Quizzes in NFL
Browse NFL
Top Contributed Quizzes in Sports
1
Players with Multiple 50 Home Run Seasons
2
Criteria MLB: Left Handed Sluggers
3
MLB Players with Two .350 Batting Average Seasons
4
Who Hit More Homers?
5
Premier League Clubs since 2000 (minefield)
6
Who Needs Fielders?
7
2020 F1 Drivers Logic Puzzle
8
Les entraîneurs de l'OM et du PSG au 21e siècle
9
Top 10 NHL Goal Scorers of All Time
10
MLB Hall of Famer by Rings
Explore More
Trending Topics
Anime
NBA
Marvel
Disney
Harry Potter
Crossword
Kpop
WWE
Song
Pokémon
Puzzle
NFL
The Office
Soccer
Country
hide this ad
More By:
Wafez
Quiz
Plays
Rating
Category
Featured
Created
NFL Starting QBs (2000s)
463,052
4.47
Sports
Oct 1, 2009
MLS Cup Champions
13,192
3.60
Sports
Sep 26, 2009
Fantasy Football Leaders by Position (Since 1990)
5,968
4.96
Sports
Nov 30, 2015
Top 5 in Rushing Yards by Team
2,663
4.23
Sports
Dec 9, 2009
QBs of the 1990s
2,499
4.63
Sports
Dec 28, 2009
Go to Creator's Profile
Score Distribution
Quiz Creator Spotlight
Wafez
Follow
Send a Message
Quizzes Created
-
Created Quiz Play Count
-
More By This Creator
Popular Quizzes Today
1
Find the 'City' Movie
2
Colored Red Africa Blitz
3
5x2 Blitz: Bands
4
Find the US States - No Outlines Minefield
5
The Countries of the World
6
Find the US States
7
9x9 Crossword: Cartoon Network
8
US States
More Sports Quizzes
New Zealand Cricket Top 10s
Quiz Lab
Trending Quizzes
Colored Red Europe Blitz I
Colored Red Africa Blitz II
Colored Red Africa Blitz III
Colored Red Europe Blitz III
Colored Red Europe Blitz II
Recently Updated
Champions League XIs: Real Madrid
pecheneg
Largest US Cities 1790-2010
pecheneg
Rides in Walt Disney World
pecheneg
Most Oscar Losses (Acting)
pecheneg
Beyoncé Albums
pecheneg
Leaping Animals
pecheneg
Reality TV Shows (A-Z)
bhenderson79
Rickey Henderson's Hall of Fame Teammates
pecheneg
Champions League XIs: Arsenal
pecheneg
Quick Pick: Celebrities in WWE's Hall of Fame
aduchscher
Trending Topics
Marvel
Disney
Anime
Harry Potter
Crossword
Kpop
NBA
Puzzle
NFL
Country
Song
The Office
WWE
Soccer
Pokémon
Your Account Isn't Verified!
In order to create a playlist on Sporcle, you need to verify the email address you used during registration. Go to your
Sporcle Settings
to finish the process.
Report this User
Report this user for behavior that violates our
Community Guidelines
.
Details:
Send Report
Go to the Sporcle.com Mobile Site →
Comments